Công nghệ tế bào phôi động vật
Trình bày các vấn đề của công nghệ tế bào phôi động vật như: trinh sản, mẫu sinh, biệt hóa giới tính động vật, kỹ thuật cấy nhân để tạo dòng vô tính ở cá, cấy truyền phôi, vi thao tác động vật phôi có vú,......
Saved in:
| Main Author: | |
|---|---|
| Format: | Book |
| Language: | Undetermined |
| Published: |
H.
Đại học quốc gia Hà Nội
2008
|
| Subjects: | |
| Online Access: | http://lrc.tdmu.edu.vn/opac/search/detail.asp?aID=2&ID=7775 |
| Tags: |
Add Tag
No Tags, Be the first to tag this record!
|
| Institutions: | Trung tâm Học liệu Trường Đại học Thủ Dầu Một |
|---|
| LEADER | 01038nam a2200205Ia 4500 | ||
|---|---|---|---|
| 001 | TDMU_7775 | ||
| 008 | 210410s9999 xx 000 0 und d | ||
| 082 | |a 660.6 | ||
| 090 | |b NG527 | ||
| 100 | |a Nguyễn, Mộng Hùng | ||
| 245 | 0 | |a Công nghệ tế bào phôi động vật | |
| 245 | 0 | |c Nguyễn Mộng Hùng | |
| 260 | |a H. | ||
| 260 | |b Đại học quốc gia Hà Nội | ||
| 260 | |c 2008 | ||
| 300 | |a 119 tr. | ||
| 520 | |a Trình bày các vấn đề của công nghệ tế bào phôi động vật như: trinh sản, mẫu sinh, biệt hóa giới tính động vật, kỹ thuật cấy nhân để tạo dòng vô tính ở cá, cấy truyền phôi, vi thao tác động vật phôi có vú,... | ||
| 650 | |a Công nghệ sinh học |x Ứng dụng; Tế bào phôi |x Động vật | ||
| 856 | |u http://lrc.tdmu.edu.vn/opac/search/detail.asp?aID=2&ID=7775 | ||
| 980 | |a Trung tâm Học liệu Trường Đại học Thủ Dầu Một | ||